Rozdelenie kreditných derivátov

Uložené v:
Podrobná bibliografia
Hlavný autor: Kaderová, Andrea
Korporativný autor: Fakulta hospodárskej informatiky EU. Katedra matematiky
Médium: Kniha
Jazyk:Slovak
Vydavateľské údaje: Bratislava 2010
Predmet:
Tagy: Pridať tag
Žiadne tagy, Buďte prvý, kto otaguje tento záznam!

MARC

LEADER 00000nam$a2200000$$$4500
001 0117938
005 20240502072323.4
041 0 |a slo 
044 |a SK 
245 1 0 |a Rozdelenie kreditných derivátov  |c Andrea Kaderová 
264 1 |a Bratislava  |c 2010 
610 2 0 |a deriváty 
610 2 0 |a swap 
610 2 0 |a dlhopisy 
100 1 |a Kaderová, Andrea 
710 2 |a Fakulta hospodárskej informatiky EU. Katedra matematiky